Best NBA Player Ever From Each Country - Statistics

General Stats
  • This quiz has been taken 75 times
  • The average score is 22 of 60
Answer Stats
Country Player Team(s) % Correct
United States of America Michael Jordan Bulls & Wizards
100%
Argentina Manu Ginobili Spurs
92%
France Tony Parker Spurs
86%
Germany Dirk Nowitzki Mavericks
85%
Greece Giannis Antetokounmpo Bucks
83%
Canada Steve Nash Suns, Mavericks, Lakers
83%
China Yao Ming Rockets
80%
Spain Pau Gasol Grizzlies, Lakers, Bulls, Spurs
78%
Latvia Kristaps Porzingis Knicks
71%
U.S. Virgin Islands Tim Duncan Spurs
71%
Australia Andrew Bogut Bucks, Warriors, Mavericks, Cavaliers, Lakers
69%
Democratic Republic of the Congo Dikembe Mutombo Nuggets, Hawks, 76ers, Nets, Knicks, Rockets
69%
Nigeria Hakeem Olajuwon Rockets & Raptors
68%
Cameroon Joel Embiid 76ers
66%
Dominican Republic Al Horford Hawks & Celtics
63%
Brazil Nenê Nuggets, Wizards, Rockets
63%
New Zealand Steven Adams Thunder
63%
Croatia Toni Kukoc Bulls, 76ers, Hawks, Bucks
58%
Turkey Hedo Turkoglu Kings, Spurs, Magic, Raptors, Suns, Clippers
57%
Serbia Vlade Divac Lakers, Hornets, Kings
55%
Lithuania Zydrunas Illgauskas Cavaliers & Heat
55%
Russia Andrei Kirilenko Jazz, Timberwolves, Nets
54%
Italy Danilo Gallinari Knicks, Nuggets, Clippers
54%
South Sudan Manute Bol Bullets, Warriors, 76ers, Heat
54%
Bosnia & Herzegovina Jusuf Nurkic Nuggets & Trail Blazers
52%
The Netherlands Rik Smits Pacers
49%
Slovenia Goran Dragic Suns, Rockets, Heat
48%
Jamaica Patrick Ewing Knicks, Supersonics, Magic
48%
Poland Marcin Gortat Magic, Suns, Wizards
45%
Puerto Rico J.J. Barea Mavericks & Timberwolves
35%
Israel Omri Casspi Kings, Cavaliers, Rockets, Pelicans, Timberwolves, Warriors
35%
Georgia Zaza Pachulia Magic, Bucks, Hawks, Mavericks, Warriors
31%
Austria Jakob Poeltl Raptors
25%
The Bahamas Mychal Thompson Trail Blazers, Spurs, Lakers
22%
Montenegro Nikola Peković Timberwolves
22%
Iran Hamed Haddadi Grizzlies & Suns
15%
Lebanon Rony Seikaly Heat, Warriors, Magic, Nets
15%
Mexico Eduardo Najera Mavericks, Warriors, Nuggets, Nets, Bobcats
14%
Haiti Samuel Dalembert 76ers, Kings, Rockets, Bucks, Mavericks, Knicks
11%
Cape Verde Edy Tavares Hawks & Cavaliers
9%
Martinique Ronny Turiaf Kings, Lakers, Warriors, Knicks, Wizards, Heat, Clippers, Timberwolves
6%
Egypt Alaa Abdelnaby Trail Blazers, Bucks, Celtics, Kings, 76ers
5%
Mali Cheick Diallo Pelicans
5%
Finland Hanno Möttölä Hawks
5%
French Guiana Kevin Séraphin Wizards, Knicks, Pacers
5%
Guadeloupe Mickaël Piétrus Warriors, Magic, Suns, Celtics, Raptors
5%
Cuba Andrés Guibert Timberwolves
3%
Bulgaria Georgi Glouchkov Suns
3%
Czech Republic Jiri Welsch Warriors, Celtics, Cavaliers, Bucks
3%
Hungary Kornél Dávid Bulls, Cavaliers, Raptors, Pistons
3%
Denmark Lars Hansen Supersonics
3%
Ireland Pat Burke Magic & Suns
3%
Japan Yuta Tabuse Suns
3%
Ghana Ben Bentil Mavericks
2%
Dominica Garth Joseph Raptors & Nuggets
2%
Estonia Martin Müürsepp Heat & Mavericks
2%
Guyana Rawle Marshall Mavericks & Pacers
2%
Norway Torgeir Bryn Clippers
2%
Iceland Pétur Guõmundsson Trail Blazers, Lakers, Spurs
0%
Gabon Stéphane Lasme Warriors & Heat
0%
No matching quizzes found
Score Distribution
Percent of People with Each Score
Percentile by Number Answered
Your Score History
You have not taken this quiz